[Event "Malakhatko Memorial op"]
[Site "Chess.com INT"]
[Date "2023.06.14"]
[Round "6"]
[White "Kononets, Igor"]
[Black "Shykyravyi, Denys"]
[Result "0-1"]
[WhiteElo "2114"]
[BlackElo "1566"]
[PlyCount "74"]
[EventDate "2023.06.14"]
[EventType "swiss (blitz)"]
[EventRounds "11"]
[EventCountry "USA"]
[SourceTitle "CBM 214 Extra"]
[Source "ChessBase"]
[SourceDate "2023.07.31"]
[SourceVersion "1"]
[SourceVersionDate "2023.07.31"]
[SourceQuality "1"]

1. Nf3 Nf6 2. c4 g6 3. Nc3 Bg7 4. e4 d6 5. d4 c5 6. d5 0-0 7. Be2 Bg4 8. Ng1 Bxe2 9. Ngxe2 Nbd7 10. 0-0 Rb8 11. f3 a6 12. a4 Nb6 13. b3 Nbd7 14. Ra2 Ne8 15. Bg5 Nc7 16. Qd2 b5 17. axb5 axb5 18. Bh6 bxc4 19. bxc4 Ne5 20. Bxg7 Kxg7 21. Ra4 Rb4 22. Qa2 Qd7 23. Rxb4 cxb4 24. Nd1 Ra8 25. Qb2 Kg8 26. Ne3 Qa4 27. Rb1 Qa3 28. Qxa3 Rxa3 29. Nc2 Ra2 30. Ned4 Nxc4 31. Nxb4 Rd2 32. Nbc6 Ne3 33. Nxe7+ Kf8 34. Ndc6 Rxg2+ 35. Kh1 Rf2 36. Nd4 Kxe7 37. Rb7 Rf1# 0-1